000 00186 a2200097 4500
020 _a9780673758521
041 _aspa
100 _aGordon, Barry
245 _aA jugar beisbol
942 _cBK
999 _c31958
_d31956